[Event "Syre Memorial op 33th"]
[Site "Issy les Moulineaux"]
[Date "2010.05.15"]
[Round "3"]
[White "Sochacki, Christophe"]
[Black "Flom, Gabriel"]
[Result "0-1"]
[WhiteElo "2343"]
[BlackElo "2419"]
[Annotator "Primel,D"]
[PlyCount "78"]
[EventDate "2010.05.13"]
[EventType "swiss"]
[EventRounds "6"]
[EventCountry "FRA"]
[SourceTitle "EXT 2011"]
[Source "ChessBase"]
[SourceDate "2010.11.26"]
[SourceVersion "1"]
[SourceVersionDate "2010.11.26"]
[SourceQuality "1"]

1. e4 e6 2. d4 d5 3. Nc3 Nf6 4. e5 Nfd7 5. f4 Nb6 {Le MI jouait habituellement
la grande ligne avec c5 mais il choisit cette ligne rarissime et jamais
utilisée а haut niveau.} (5... c5 {Bilquez,R (2071)-Battaglini,G (2356) Syre
Memorial op 31st 2008 (6) 0-1}) 6. Nf3 Bd7 {[%cal Gb8c6,Gd8e7,Ge8c8] C'est
l'idée de Nb6 qui est de développer au plus vite, les pièces de l'aile-dame
pour faire le ooo.} 7. Bd3 Nc6 8. a3 $6 {Après a3b4, les blancs auront du mal
а progresser а l'aile-dame} (8. O-O $142 $5 {[%csl Rb6][%cal Ga2a4,Ga4a5] Plus
souple pour garder l'option a2a4a5} Qe7 9. Be3 (9. a4) 9... O-O-O 10. a4 Nc4 (
10... Nb4 $6 11. a5 Nc4 12. Bc1 c5 (12... a6 13. b3) 13. Ne2) (10... a5 {
[%csl Gb5]} 11. Nb5 Kb8 12. b3 {[%cal Gc2c4]} Nb4 13. Be2 f5 14. c3 Nc6 15. c4
$36) 11. Bxc4 dxc4 12. Qe2 Nb4 {[%cal Gb4c2]} 13. Rfc1 Nd5 14. Bd2 Bc6 15. Qxc4
$16) 8... Qe7 9. O-O O-O-O 10. Qe2 $146 ({RR} 10. f5 exf5 11. Bg5 f6 12. exf6
gxf6 13. Re1 Qf7 14. Bf4 Ne7 15. Nh4 Nc4 16. Rb1 Rg8 17. Qf3 Nb6 18. Nb5 Bxb5
19. Bxb5 Ng6 20. Nxf5 Nxf4 21. Qxf4 Bd6 22. Nxd6+ Rxd6 23. Re2 Kb8 24. Rbe1 Nc8
{Kotainy,J (2243)-Lentrodt,T (2367)/Bad Liebenzell 2010/Mega2010 Update 13/1/
2-1/2 (70)}) 10... f6 11. b4 Be8 $1 {[%cal Ge8h5] Ranimant le mauvais B} 12. h3
$6 (12. b5 $5 Na5 13. f5 exf5 (13... fxe5 14. Bg5) 14. Bxf5+ Kb8 15. Qd3 Bh5 {
[%cal Gh5f3,Gf6e5]} 16. Bf4 $16 {[%cal Ga1e1]}) 12... f5 13. g4 $6 {Jouer sur
les deux ailes en même temps est souvent trés risqué} (13. Be3 $142 Bh5 14. Qf2
h6 {[%cal Gg7g5]} 15. Ne2 {[%cal Ge2g3]} Rg8 16. Ng3 Bf7 {[%cal Gg7g5]}) 13...
fxg4 14. hxg4 h5 $1 15. g5 {[%csl Rf5]} (15. Qh2 $13 {[%cal Gh2h8]}) 15... h4
$1 $132 {[%csl Gh4,Gh8]} (15... g6 $15 {[%csl Gh5]}) 16. g6 {[%csl Rf7]} Qd7 $1
{[%cal Gc6e7,Ge7f5,Ge7g6]} 17. Kh2 Ne7 18. Rg1 Nf5 $17 19. Bxf5 {le signe que
la partie commence а mal tourner pour les blancs} exf5 $17 20. e6 Qc6 $1 {
[%csl Rc3,Rc4] les défauts de la structure a3b4 sont maintenant évidents} 21.
Bd2 Nc4 $36 22. Rae1 Bd6 23. Rg5 b5 24. Rxf5 Bxg6 25. Rg5 Bh5 26. Bc1 (26. Rxg7
Bxf3 27. Qxf3 Nxd2) 26... Be7 27. Rxg7 Bf6 {[%csl Rd4][%cal Gh5e2]} 28. Rg2 (
28. Rf7 $5 Bxf7 (28... Bxf3 29. Qxf3 Bxd4 30. e7) 29. exf7 Rhf8 30. Nxb5 $1
Qxb5 31. Qe6+ Qd7 32. Qxf6 $13) 28... h3 29. Rgg1 Rdg8 30. Qd3 Rg2+ $1 {
Le K blanc sera dans les courants d'air!} 31. Rxg2 hxg2 32. Kxg2 Bxf3+ 33. Qxf3
Rg8+ 34. Kf1 Nb6 $2 (34... Bxd4) 35. Qd3 Kb7 36. e7 Qe8 37. Qf5 Bxd4 38. Nxd5
Qc8 $4 $138 {Au moment où les noirs avaient fait le plus dur, ils vont gaffer}
(38... Qc6 39. Re6 Qc4+ 40. Qd3 Qxd5 41. Qe4 $1 {[%csl Ge7][%cal Ge7e8]}) (
38... c6 $8 39. Be3 {[%cal Gd5f6]} Bxe3 40. Nxe3 (40. Nf6 Rg1+) 40... Qxe7 $11)
39. Ne3 Bxe3 0-1

[Event "Syre Memorial op 33th"]
[Site "Issy les Moulineaux"]
[Date "2010.05.16"]
[Round "5"]
[White "Guliyev, Namig"]
[Black "Flom, Gabriel"]
[Result "0-1"]
[WhiteElo "2533"]
[BlackElo "2419"]
[Annotator "Primel,D"]
[PlyCount "74"]
[EventDate "2010.05.13"]
[EventType "swiss"]
[EventRounds "6"]
[EventCountry "FRA"]
[SourceTitle "EXT 2011"]
[Source "ChessBase"]
[SourceDate "2010.11.26"]
[SourceVersion "1"]
[SourceVersionDate "2010.11.26"]
[SourceQuality "1"]

1. e4 e6 2. d4 d5 3. Nc3 Nf6 4. e5 Nfd7 5. f4 c5 (5... Nb6 $143 {le MI n'ose
pas renouveller face а un GMI cette idée essayée а la ronde 3} 6. Nf3 Bd7 {
Sochacki,C (2343)-Battaglini,G (2419) Syre mem op 33th 2010 (3.4) 0-1}) 6. Nf3
Nc6 7. Be3 {Malgré le fait qu'il s'agit de la seconde ronde de la journée, il
est probable que les deux joueurs étaient préparés а jouer ensemble.} (7. Ne2 {
[%cal Ge2d4] l'alternative}) 7... Qb6 (7... cxd4 {la grande ligne}) (7... a6 {
[%cal Gb7b5]}) 8. Na4 {[%cal Ga4b6,Ga4c5]} (8. Qd2) (8. a3 $5 {[%cal Gc3a4]})
8... Qa5+ 9. c3 cxd4 (9... b6 {L'alternative qui demande une bonne préparation
théorique de la part des noirs car а la moindre imprécision, ils auront une Q
hors-jeu} 10. Bd2 {[%csl Ra5][%cal Gb2b4]} c4 11. b4 Qa6 12. Be2 $14 {Kokarev,
D (2582)-Volkov,S (2636) RUS-ch Higher League 61st 2008 (10) 1/2}) (9... c4 $5
{Plus solide mais les noirs auront aussi plus de mal а obtenir du contre-jeu})
10. b4 {l'idée de la variante pour gagner un tempo sur la Q et de l'espace
mais la pratique montre que les noirs ont du contre-jeu avec le sacrifice en b4
} Nxb4 (10... Qc7 {l'ancienne ligne qui est plus passive} 11. Nxd4 $14 {
Suetin,A-Liberzon,V URS-ch27 Leningrad 1960 (18) 1-0}) 11. cxb4 Bxb4+ 12. Bd2
Bxd2+ 13. Nxd2 O-O $32 {Comme souvent sur cette variante STEINITZ, les noirs
ont une avance de développement et ils doivent jouer de manière dynamique pour
en profiter car si les blancs arrivent а terminer le développement, ils
pourront profiter de l'avantage d'espace.} 14. Kf2 $2 $146 {Une idée
surprenante car la théorie ne connait que Bd3 ou même Be2 mais le MI va
réfuter cette nouveauté sur l'échiquier. Ce thème du roque а la main se
rencontre parfois sur la variante TARRASCH Nd2} (14. Bd3 b5 $1 15. Nb2 Nb6 {
[%cal Gb6c4]} 16. Ke2 $13 {[%csl Ge2] Dans ce genre de position, le K est
nettement mieux placé en e2 qu'en f2} (16. O-O Nc4 17. Bxh7+ {Joli mais les
blancs n'ont probablement pas plus la nulle} Kxh7 18. Qh5+ Kg8 19. Nf3 {
[%cal Gf3g5];Quezada Perez,Y (2596)-Cordova,E (2543) Capablanca Memorial
Premier 44th 2009 (3) 1/2}) 16... Nc4 17. Qc1 f6 18. a4 fxe5 19. axb5 Qxd2+ 20.
Qxd2 Nxd2 21. Kxd2 e4 22. b6 a6 23. Rhc1 exd3 24. Nxd3 Rb8 25. Rc6 Bd7 26. Rc7
Bb5 27. b7 Rf7 28. Rc8+ Rf8 29. Rc7 Rf7 30. Rc8+ Rf8 {Guliyev,N (2516)-Debray,
C (2357)/Malakoff 2010/Mega2010 Update 20/1-0 (55)}) (14. Be2 $5 {Par rapport
au coup plus naturel Bd3, les blancs gardent la case "d3" pour le Nb2 après
avoir été chassé par b7b5} b5 (14... d3 $1 15. Bxd3 Qb4 16. Rb1 (16. O-O Qd4+)
16... Qxf4 17. Nf3 Nxe5 18. Nxe5 Qxe5+) 15. Nb2 Nb6 16. O-O Nc4 $146 (16... Qc3
$6 17. Rf3 $36 {[%csl Rh7][%cal Gf3c3,Gf3h3,Ge2d3,Gd1h5];Cabrera,A (2507)
-Garcia Roman,D (2446) Palma de Mallorca op 3rd 2008 (5) 1-0})) 14... f6 $1 {
[%csl Rf2][%cal Gf8f2] les noirs vont avoir une attaque facile а mener} 15.
exf6 (15. g3 fxe5 16. Bh3 exf4 {[%cal Gf8f2]} 17. Bxe6+ Kh8 18. Nf3 Nf6) 15...
Nxf6 16. Kg1 (16. Bd3 e5 $1 17. Rf1 Ng4+ 18. Kg1 Ne3) 16... d3 $1 17. Rc1 (17.
Bxd3 Bd7 {[%cal Gd7a4,Ga8c8]} 18. Bc2 Bxa4 19. Bxa4 Qb6+ {[%csl Rg1]} 20. Kf1
Ne4 $19 {[%cal Gf8f4]}) 17... Qb4 {[%cal Gb4f4]} 18. h3 Qxf4 (18... e5 $1 {
[%csl Gc8] Devait gagner plus rapidement en faisant jouer toutes les pièces
noires}) 19. Nc5 e5 $1 20. Nxd3 Qe3+ 21. Kh2 e4 22. Qe1 $2 (22. Nc5) 22... Qh6
$1 {[%cal Gh6h2,Gf6g4] Gagne un tempo} 23. Nc5 Ng4+ 24. Kg1 Ne5 25. Rh2 {
[%cal Gg1h1] Un coup très laid mais qui donne une case de fuite au K} b6 {
[%cal Gc8b7] Gagnant un nouveau tempo sur le N} 26. Ncb3 e3 27. Nb1 Rf2 28. Qd1
Bb7 {[%csl Rg2][%cal Gd5d4,Gb7g2,Gf2g2]} 29. Qd4 $2 {illustrant l'adage "la Q
est une mauvaise bloqueuse"} (29. Nd4 $8) 29... Qg5 30. Kh1 Qg3 31. Qd1 e2 {
[%csl Gb7][%cal Gb7h1,Gd5d4]} 32. Bxe2 d4 33. Bf1 Nf3 34. Qxf3 Bxf3 35. Nxd4
Bd5 36. Ne2 Qe3 37. Nbc3 Qxc1 0-1

[Event "Arber op 4th"]
[Site "Bayerisch Eisenstein"]
[Date "2015.08.04"]
[Round "4"]
[White "Bente, Bjoern"]
[Black "Prusikin, Michael"]
[Result "0-1"]
[WhiteElo "2312"]
[BlackElo "2536"]
[Annotator "Prusikin,M"]
[PlyCount "94"]
[EventDate "2015.08.01"]
[EventType "swiss"]
[EventRounds "9"]
[EventCountry "GER"]
[SourceTitle "EXT 2016"]
[Source "ChessBase"]
[SourceDate "2015.10.08"]
[SourceVersion "1"]
[SourceVersionDate "2015.10.08"]
[SourceQuality "1"]

1. e4 e6 2. d4 d5 3. Nc3 Nf6 4. e5 Nfd7 5. f4 c5 6. Nf3 Be7 7. Be3 b6 {Die
"deutsche" Variante: diese Zugfolge wurde von den beiden jungen Deutschen
Matthias Blübaum und Rasmus Svane in die Praxis eingeführt.} 8. Qd2 O-O 9.
Be2 Nc6 (9... Ba6 $5 {ist mehr im Sinne der Erfinder, aber der Textzug
gefällt mir besser - Geschmackssache, wie so oft.} 10. Nb5 (10. O-O Bxe2 11.
Nxe2 Nc6 12. c3 $11) 10... Nc6 11. O-O $11) 10. O-O f5 {Zu dieser Position
gibt es in der Datenbank eine Menge Partien, meist wurde sie allerdings über
eine andere Zugfolge erreicht.} 11. Bb5 $5 $146 {Eine ganz neue Idee, durchaus
interesant.} (11. exf6 Nxf6 12. Kh1 Bb7 13. Rad1 Rc8 14. Qe1 Kh8 $11 {0-1 (56)
Gallagher,J (2510)-Prusikin,M (2541) Merlimont 2011}) 11... Bb7 12. dxc5 Nxc5 (
12... bxc5 $4 13. Nxd5 $18) 13. Bxc6 Bxc6 14. Nd4 Bd7 15. b4 {Diese Stellung
strebte Weiß bereits mit 11.Bb5 an.} Nb7 $1 {Die richtige Reaktion nach
langem Nachdenken, diesen Zug mat Björn möglicherweise in der
Vorausberechnung unterschätzt. Die schwarze Bauernstruktur bleibt intakt.} (
15... Ne4 16. Nxe4 fxe4 (16... dxe4 17. c4 $13) 17. a4 $14) 16. Nce2 Qc7 17. a3
{Vielleicht der falsche Plan, Weiß sollte sich die Hebelmöglichkeit a2-a4-a5
offenhalten.} (17. Rfb1 $5) 17... Rac8 $1 {Ein Turm gehört nach c8, das ist
klar. 17...Rfc8 wirkt natürlicher, aber dieser Turm darf bei näherem
Betrachten seinen Posten nicht verlassen:} (17... Rfc8 $6 18. g4 $1 fxg4 (18...
g6 19. gxf5 gxf5 20. Ng3 $36) 19. f5 Nd8 (19... exf5 20. Nxf5 Bxf5 21. Qxd5+
Kh8 22. Rxf5 $14) 20. fxe6 Bxe6 21. Nf4 Qxe5 22. Rae1 $40) 18. Rac1 Nd8 19.
Rfd1 Be8 20. Ng3 Ba4 21. Qd3 Qc3 $5 {Ich konnte der Versuchung nicht
wiederstehen, der Damentausch ist prinzipiell sehr wünschenswert für Schwarz,
z.B. weil der König danach die Deckung von e6 bedenkenlos übernehmen kann.
Allerdings war} (21... a5 $5 {möglicherweise genauer an dieser Stelle}) 22.
Qxc3 Rxc3 23. Rd3 Rc7 24. Nf1 Kf7 25. Nd2 b5 $1 {Die Engines sind sich einig:
25...Nc6 soll der einzige Zug sein, nach dem Schwarz besser steht, aber in
einem Endspiel wie diesem ist den Engines nicht zu trauen. c2-c4 muss unbedigt
verhindert werden:} (25... Nc6 26. Rc3 $1 (26. Nxc6 Rxc6 27. c4 Rd8 $1 $17)
26... Rfc8 27. Nxc6 Rxc6 28. Rxc6 Rxc6 (28... Bxc6 29. Nf3 (29. c4 $2 d4 $3 30.
Bxd4 Rd8 31. Be3 Rd3 32. Kf2 Rxa3 $15) 29... Ba4 30. c3 $15 {mit guten
Überlebenschancen für Weiß}) 29. c4 dxc4 30. Rxc4 Ke8 31. Rxc6 Bxc6 32. Nc4
Kd7 33. g3 Bd5 34. Nd6 $1 $11) 26. Nb1 {Der "katalanische" Läufer auf a4 ist
auf Dauer nicht auszuhalten} Nc6 27. Nc3 (27. Nxc6 Rxc6 28. Bxa7 Ra8 29. Bd4
Bxc2 30. Rc3 Rxc3 31. Nxc3 Bd3 $17) 27... Nxd4 28. Bxd4 g5 $5 29. Nxa4 bxa4 30.
fxg5 (30. g3 $5) 30... Bxg5 31. Rf1 a6 {Ich wollte den status quo
aufrechterhalten, evtl. war das konkrete} (31... Rxc2 $5 32. Bxa7 Rfc8 $15 {
objektiv stärker}) 32. g4 $2 {Dieser nervöse Zeitnotzug erleichtert meine
Aufgabe erheblich.} (32. c3 h5 $15) 32... Kg6 33. Bc5 (33. Rg3 f4 34. c3 h5 $1
35. gxh5+ Kf5 $17) 33... Rff7 34. h3 fxg4 35. hxg4 Rxf1+ 36. Kxf1 Rf7+ (36...
Bf4 $1 $19) 37. Kg2 Rf4 38. Kg3 Rc4 $1 39. c3 {Fügt sich in sein Schicksal,
dabei hätte ich nach dem aktiven} (39. Rf3 $1 {noch kurz vor der
Zeitkontrolle die nicht offensichtliche Ressource} h5 $3 {finden müssen. Die
Aktivierung des Königs entscheidet, zumal der sein weißer Gegenspieler
plötzlich in einem Mattnetz zappelt:} 40. gxh5+ Kxh5 41. Rf8 (41. c3 Rg4+ 42.
Kh3 (42. Kf2 Rf4 43. Be3 Bh4+ 44. Ke2 Rxf3 45. Kxf3 Kg6 46. Kg4 Be1 47. Bd4 Bd2
$19) 42... Rf4 43. Rd3 Rh4+ 44. Kg2 Bf4 $19) 41... Rc3+ 42. Kf2 Kg4 43. Ra8
Rxc2+ 44. Kf1 Kf3 $19) 39... Bf4+ 40. Kh3 Bxe5 41. Bd4 Bf4 42. Be3 Kg5 43.
Bxf4+ Kxf4 44. Kh4 Ke4 45. Rh3 e5 46. Kg5 Rc7 47. Kf6 d4 0-1

[Event "Rohde op 09th"]
[Site "Sautron"]
[Date "2009.10.30"]
[Round "8"]
[White "Cabrera Pino, Alexis"]
[Black "Van Dongen, Patrick"]
[Result "1/2-1/2"]
[WhiteElo "2529"]
[BlackElo "2349"]
[Annotator "RR"]
[PlyCount "82"]
[EventDate "2009.10.24"]
[EventType "swiss"]
[EventRounds "9"]
[EventCountry "FRA"]
[SourceTitle "EXT 2010"]
[Source "ChessBase"]
[SourceDate "2010.11.25"]
[SourceVersion "1"]
[SourceVersionDate "2010.11.25"]
[SourceQuality "1"]

1. e4 e6 2. d4 d5 3. Nc3 Nf6 4. e5 Nfd7 5. f4 c5 6. Nf3 Nc6 7. Be3 Qb6 8. Na4
Qa5+ 9. c3 c4 10. b4 Qc7 11. g3 Be7 12. Bh3 O-O 13. O-O b5 14. Nc5 a5 15. a3
Nxc5 16. dxc5 axb4 $146 ({RR} 16... Bd7 17. Qd2 axb4 18. axb4 Qb7 19. Rac1 Ra3
20. Nd4 Rfa8 21. Nxc6 Qxc6 22. Bd4 Ra2 23. Qe3 Rb2 24. Rf2 Rxf2 25. Qxf2 Qa6
26. f5 exf5 27. Bxf5 Be6 28. Rf1 Bd8 29. Qc2 g6 30. Bxe6 Qxe6 31. Qd2 {
Shaposhnikov,E (2554)-Ayupov,D (2403)/Moscow 2007/CBM 116 ext/1-0 (44)}) 17.
axb4 Bd7 18. Qc2 Ra7 {[%cal Gf8a8]} 19. Rxa7 Qxa7 20. f5 $1 exf5 21. Bxf5 g6 (
21... Bxf5 22. Qxf5 $14) 22. Bxd7 Qxd7 23. Qd2 Rd8 24. Bd4 (24. Ra1) (24. Ng5
Nxe5 25. Bd4 f6 26. Bxe5 fxg5 27. Qd4 $14) 24... Bf8 25. Qf4 Bg7 26. Kg2 Re8
27. h3 h6 28. g4 Re6 29. h4 Qc7 30. Qg3 Nxe5 31. Nxe5 Bxe5 32. Bxe5 Rxe5 33.
Re1 f6 34. g5 hxg5 35. Rxe5 fxe5 36. Qxg5 Kf7 37. Qh6 Qc8 38. Kg3 Qf5 $15 39.
Qh7+ Kf8 40. c6 Qd3+ 41. Kg2 Qd2+ 1/2-1/2

[Event "POL-chT 66th"]
[Site "Katowice"]
[Date "2010.09.04"]
[Round "1"]
[White "Kuczynski, Robert"]
[Black "Swiercz, Dariusz"]
[Result "1/2-1/2"]
[WhiteElo "2511"]
[BlackElo "2507"]
[Annotator "RR"]
[PlyCount "60"]
[EventDate "2010.09.04"]
[EventType "team-tourn"]
[EventRounds "9"]
[EventCountry "POL"]
[SourceTitle "EXT 2016"]
[Source "ChessBase"]
[SourceDate "2015.10.08"]
[SourceVersion "1"]
[SourceVersionDate "2015.10.08"]
[SourceQuality "1"]
[WhiteTeam "Wroclaw AZS WSB"]
[BlackTeam "Wroclaw Polonia"]
[WhiteTeamCountry "POL"]
[BlackTeamCountry "POL"]

1. e4 e6 2. d4 d5 3. Nc3 Nf6 4. e5 Nfd7 5. f4 c5 6. Nf3 Nc6 7. Be3 Be7 (7... a6
) 8. Qd2 O-O 9. Be2 (9. dxc5 Nxc5 10. O-O-O Qc7 11. Kb1 a6 12. Qe1 b5 13. Bxc5
Bxc5 14. Bd3 Be7 15. f5 b4 16. f6 gxf6 17. Qg3+ Kh8 18. Qh3 f5 19. Bxf5 exf5
20. Nxd5 Qb7 21. Nf6 Bxf6 22. exf6 Rg8 23. Qh5 Be6 24. Rd3 Qc7 25. h4 Rg6 26.
Ng5 Bxa2+ 27. Kxa2 h6 28. Rhd1 Ne5 29. Rd6 Rf8 30. Kb1 Rc8 31. R1d2 Kg8 32. Qd1
hxg5 33. Rd8+ Kh7 34. Rxc8 Qxc8 35. Rd8 Qxd8 36. Qxd8 gxh4 37. Qe7 {1-0 (37)
Negi,P (2645)-Edouard,R (2679) Helsingor 2014}) 9... a6 (9... b6 10. O-O (10.
Nd1 {[%cal Gc2c3]})) 10. O-O b5 11. a3 Qb6 12. Nd1 (12. Rad1 Bb7 13. Kh1 {
Najer,E (2670)-Maslak,K (2521) RUS-ch Higher League 61st 2008 (11) 1/2}) 12...
Bb7 (12... a5 {[%cal Gb5b4]}) 13. c3 Na5 {[%cal Ga5b3,Ga5c4]} 14. dxc5 $146 (
14. Qe1 Nb3 {Sadvakasov,D (2643)-Hernandez Guerrero,G (2549) Carlos Torre
Wimbledon 21th 2008 (2.2) 1-0}) 14... Bxc5 15. b4 $1 {Force l'échange du
mauvais B} Bxe3+ 16. Qxe3 Nc4 17. Bxc4 (17. Qxb6 $5 {Aurait évité
l'activation du Bb7} Ndxb6 18. Nd4 Nd2 19. Re1 Nbc4 $132) 17... Qxe3+ 18. Nxe3
dxc4 $132 {[%csl Gb7]} 19. a4 Bxf3 20. Rxf3 f6 21. exf6 Nxf6 22. axb5 axb5 23.
Rxa8 Rxa8 24. Nc2 Ne4 25. Re3 Ra2 26. Rxe4 Rxc2 27. Rxe6 Rxc3 28. Re5 Rb3 29.
Rxb5 c3 30. Rc5 Rxb4 1/2-1/2

[Event "POL-chT 66th"]
[Site "Katowice"]
[Date "2010.09.05"]
[Round "2"]
[White "Zawadzka, Jolanta"]
[Black "Socko, Monika"]
[Result "0-1"]
[WhiteElo "2410"]
[BlackElo "2486"]
[Annotator "RR"]
[PlyCount "142"]
[EventDate "2010.09.04"]
[EventType "team-tourn"]
[EventRounds "9"]
[EventCountry "POL"]
[SourceTitle "EXT 2016"]
[Source "ChessBase"]
[SourceDate "2015.10.08"]
[SourceVersion "1"]
[SourceVersionDate "2015.10.08"]
[SourceQuality "1"]
[WhiteTeam "Wroclaw Polonia"]
[BlackTeam "Katowice Szopienice"]
[WhiteTeamCountry "POL"]
[BlackTeamCountry "POL"]

1. e4 e6 2. d4 d5 3. Nc3 Nf6 4. e5 Nfd7 5. f4 c5 6. Nf3 Nc6 7. Be3 cxd4 8. Nxd4
Bc5 (8... Qb6) 9. Qd2 O-O 10. O-O-O a6 11. Qf2 (11. Kb1) 11... Bxd4 12. Bxd4 b5
13. Bd3 {Garder la paire de B par Be3 est peut-être un peu meilleur} (13. Be3
{[%csl Ge3]} Qa5 (13... b4 14. Na4 a5 15. h4 Ba6 16. h5) 14. Kb1 b4 15. Ne2 Qc7
16. Nd4 Nxd4 17. Bxd4 a5 18. Bb5 Ba6 19. Bxd7 Qxd7 20. g4 a4 21. b3 Qc6 22. f5
Bb5 23. Rd2 axb3 24. cxb3 Ra3 25. Re1 Rfa8 26. Re3 Rc8 27. Qe1 Rc7 28. Qd1 Ra8
29. Re1 Rac8 30. Qf3 Qa6 31. Red1 Qa3 32. Bb2 Qa6 33. Qe3 Kh8 34. f6 gxf6 35.
exf6 Rg8 36. g5 h6 37. Rg1 Rcc8 38. g6 {1-0 (38) Caruana,F (2789)-Meier,G 
(2632) Dortmund 2014}) 13... b4 14. Ne2 a5 {[%cal Gc8a6]} 15. Kb1 Ba6 $132 16.
h4 a4 $146 (16... Qc7 17. h5 Rfc8 18. Be3 a4 19. Nd4 Bxd3 20. cxd3 Nxd4 21.
Bxd4 b3 22. Rc1 bxa2+ 23. Kxa2 Qb7 24. Rc3 Rxc3 25. bxc3 Qb5 26. Qc2 Nc5 27.
Bxc5 Qxc5 28. Rb1 Rc8 29. d4 Qc4+ 30. Ka3 h6 31. Rb4 Qf1 32. Qb2 Qxf4 33. Rb8
Rxb8 34. Qxb8+ Kh7 35. Qb1+ Qe4 36. Qb2 Qd3 37. Kxa4 Qd1+ 38. Kb5 Qxh5 39. Kc6
Qf5 40. Qe2 h5 41. Kd7 h4 42. Ke8 Kh6 43. Qe3+ g5 44. Kf8 Kg6 45. Qe1 Kh5 46.
Qe2+ {Kharitonov,A (2345)-Iljushin,A (2553) Krasnoyarsk 2003 0-1}) 17. h5 Qe7 (
17... Qa5 {[%cal Gf8c8]} 18. g4 Rfc8 19. h6) 18. g4 Rfc8 (18... b3 $5) 19. h6
g6 20. Qh4 $6 {Sans les Q, la structure avantage les Noirs} Bxd3 (20... Qxh4
21. Rxh4 Bxd3 22. Rxd3 Rc7 {[%csl Rc2][%cal Ga8c8]}) 21. Rxd3 Qxh4 22. Rxh4 Na5
23. Rhh3 Ra6 $6 {[%cal Ga6c6]} (23... Rc7 $142 {Plus naturel et les Noirs
évitent de perdre un tempo de la Rc6 après Nd4} 24. Bf2 Rac8 25. Nd4 Nc4 $36)
24. Bf2 Nc4 (24... Rac6 25. Nd4) 25. g5 Ra5 26. Rh1 Rb5 27. Nd4 $1 Rb7 28. Nf3
Rbc7 {Les Noirs ont perdu beaucoup de temps avec le mauvais plan Ra6} 29. Bd4
Na5 30. Rh2 $11 Rc4 31. b3 R4c6 32. Rhd2 Ra6 33. Re2 Nb7 34. Nd2 Rac6 35. Nf3
Nbc5 36. Rde3 Ne4 37. bxa4 $6 {Un suicide positionnel face aux R} Ndc5 38. Bxc5
Rxc5 39. Kb2 Rc4 $36 40. Ne1 $2 Nc3 41. Rd2 Nxa4+ {La position Blanche s'est
effondrée en quelques coups probablement à la suite d'un zeitnot} 42. Kb3
Nc5+ (42... Ra8 $5 {[%cal Ga4c3,Ga8a2,Gc3a2]}) 43. Kb2 Rxf4 44. Nd3 Rd4 45. Rg2
Ne4 46. Re1 Ra8 47. Ra1 Kf8 48. a3 bxa3+ 49. Rxa3 Rxa3 50. Kxa3 Rc4 51. Kb3 Ke7
52. Rg1 Nd2+ 53. Kb2 Nf3 54. Rg3 Nd4 55. Rg2 Nc6 56. Rg1 Nd4 (56... Re4 {
[%cal Gc6e5]}) 57. Rg2 Nf5 58. Kb3 Re4 $19 59. c3 Re3 60. Nb4 Nd4+ 61. Kb2 Nf3
62. Kb3 d4 63. Ra2 Rxc3+ 64. Kb2 Nxe5 65. Ra8 Nc4+ 66. Ka2 d3 67. Ra7+ Kd6 68.
Nxd3 Rxd3 69. Rxf7 Rg3 70. Rxh7 Rxg5 71. Rg7 Ne5 0-1